Language Quiz

Random Language or Spanish Quiz
Score 0/20 Timer 03:00
0 Plays Today
% Correct
One
99.1%
Deux
94.4%
Quatro
87.6%
Seven
86.9%
Twelve
85.5%
Seis
85.3%
Sixteen
83.9%
Quattordici
80.2%
Neunzehn
80%
Cinque
77.4%
% Correct
Tien
77.4%
Achttien
76.9%
Acht
76.2%
Quince
76.2%
Trece
76%
Venti
71.8%
Diecisiete
71.3%
Elf
69.9%
Kyuu
48.7%
San
35%
Remove Ads.
Support Sporcle.
Get the best of Sporcle when you Go Orange. This ad-free experience offers more features, more stats, and more fun while also helping to support Sporcle. Thank you for becoming a member.

You're not logged in!

Compare scores with friends on all Sporcle quizzes.
OR
Log In

Sporcle TV

Today on Sporcle TV


Watch our educational content, quiz creation guides, and fun videos on Sporcle TV.

Show Comments

Extras

Top Quizzes Today


Score Distribution

Paid Content

Your Account Isn't Verified!

In order to create a playlist on Sporcle, you need to verify the email address you used during registration. Go to your Sporcle Settings to finish the process.

Report this User

Report this user for behavior that violates our Community Guidelines.

Details: